000
00317nam a2200121Ia 4500
008
230303s9999 xx 000 0 und d
041
_a
eng
082
_a
621.382 TAU
100
_a
Taub (Herbert) SCHILLING (DONALD.L) SAHA (GOUTAM)
245
_a
Principle of Communication System
260
_a
NY
_b
MGH
365
_c
RS
999
_c
186057
_d
186057